Security and territoriality in the Persian Gulf : a maritime political geography /

Bibliographic Details
Main Author: Mojtahed-Zadeh, Pirouz
Format: Book
Language:English
Published: Richmond, Surrey : Curzon, 1999.
Subjects:

MARC

Tag First Indicator Second Indicator Subfields
LEADER 00000cam a2200000 a 4500
001 in00001540539
005 20151022052806.0
008 980406s1999 enkabch b 001 0 eng d
015 |a GB98-Y4103 
020 |a 0700710981 
035 |a (OCoLC)41547161 
040 |a UKM  |c UKM  |d GUL  |d TXA  |d UtOrBLW 
049 |a TXAM 
082 0 4 |a 953.6  |2 21 
090 |a JZ3875.P48  |b M85 1999 
100 1 |a Mojtahed-Zadeh, Pirouz. 
245 1 0 |a Security and territoriality in the Persian Gulf :  |b a maritime political geography /  |c Pirouz Mojtahed-Zadeh. 
264 1 |a Richmond, Surrey :  |b Curzon,  |c 1999. 
300 |a xiv, 284 pages :  |b illustrations, facsimiles, maps, portraits ;  |c 23 cm. 
336 |a text  |b txt  |2 rdacontent 
337 |a unmediated  |b n  |2 rdamedia 
338 |a volume  |b nc  |2 rdacarrier 
504 |a Includes bibliographical references and index. 
650 4 |a National security  |z Persian Gulf States. 
650 4 |a Territory, National  |z Persian Gulf States. 
651 4 |a Persian Gulf States  |x History. 
651 4 |a Persian Gulf States  |x Boundaries. 
650 0 |a Territorial waters  |z Persian Gulf Region. 
650 0 |a Territory, National  |z Persian Gulf Region. 
650 0 |a National security  |z Persian Gulf Region. 
651 0 |a Persian Gulf Region  |x History. 
948 |a cataloged  |b h  |c 2000/5/3  |d c  |e pkellar  |f 5:18:23 pm 
994 |a E0  |b TXA 
999 |a MARS 
999 f f |s 7ef47d8c-7ac2-3757-8116-adc109755451  |i f2a4b977-d367-394b-9e41-4c5aafae2a9e  |t 0 
952 f f |p ric  |a Texas A&M University  |b Rellis Campus  |c Joint Library Facility  |d Remote Storage  |t 0  |e JZ3875.P48 M85 1999  |h Library of Congress classification  |i unmediated -- volume  |m A14826131096 
998 f f |a JZ3875.P48 M85 1999  |t 0  |l Remote Storage